000 00324nam a22001337a 4500
008 170726b xxu||||| |||| 00| 0 eng d
020 _a9780073380698
041 _aeng
080 _a004
100 _a31
101 _aSHK
245 _aFUNDAMENTALS OF DIGITAL AND COMPUTER DESIGN WITH VHDL
_cSANDIGE,R.S
942 _2udc
_cBK
999 _c21968
_d21968